A new pronouncing dictionary of the Spanish and English languages/ (Record no. 136435)

MARC details
000 -LEADER
fixed length control field 00835nam a2200241 4500
010 ## - LIBRARY OF CONGRESS CONTROL NUMBER
LC control number 110607
020 ## - INTERNATIONAL STANDARD BOOK NUMBER
Terms of availability 00.00
035 ## - SYSTEM CONTROL NUMBER
System control number 110607
037 ## - SOURCE OF ACQUISITION
Stock number Cen Lib/Ret
040 ## - CATALOGING SOURCE
Original cataloging agency DPL
Language of cataloging EN
082 ## - DEWEY DECIMAL CLASSIFICATION NUMBER
Classification number 496.38
Item number CAD
245 ## - TITLE STATEMENT
Title A new pronouncing dictionary of the Spanish and English languages/
Statement of responsibility, etc Compiled by Mariano Velazquez de la Cadena Edward Gray and Juan L. Iribas
260 ## - PUBLICATION, DISTRIBUTION, ETC. (IMPRINT)
Place of publication, distribution, etc New York
Name of publisher, distributor, etc Appleton-Century-Crofts
Date of publication, distribution, etc 1956
270 ## - ADDRESS
City New York
300 ## - PHYSICAL DESCRIPTION
Extent 2 v. ; (v 1. 759)
500 ## - GENERAL NOTE
General note 2 v. ; v 1. (available) ; v 2. (not available)
650 ## - SUBJECT ADDED ENTRY--TOPICAL TERM
Topical term or geographic name as entry element Spanish language -- Dictionaries -- English
650 ## - SUBJECT ADDED ENTRY--TOPICAL TERM
Topical term or geographic name as entry element English language -- Dictionaries -- Spanish.
700 ## - ADDED ENTRY--PERSONAL NAME
Personal name Iribas, Juan L.
700 ## - ADDED ENTRY--PERSONAL NAME
Personal name Cadena, Mariano Velázquez de la
700 ## - ADDED ENTRY--PERSONAL NAME
Personal name Gray, Edward
942 ## - ADDED ENTRY ELEMENTS (KOHA)
Source of classification or shelving scheme Dewey Decimal Classification
Koha item type English Books
Classification part 496.38
Call number suffix CAD
Holdings
Withdrawn status Lost status Materials specified (bound volume or other part) Damaged status Not for loan Collection code Home library Current library Date acquired Source of acquisition Cost, normal purchase price Total Checkouts Full call number Barcode Date last seen Copy number Cost, replacement price Price effective from Koha item type
    v.1   Not For Loan Reference Central Library Central Library 02/03/2016 Cen Lib/Ret 0.00   496.38 CAD 110607 02/03/2016 1 0.00 02/03/2016 English Books

© Delhi Public Library
Hit Counter
free hit counter